La nominalisation - Statistiques

Statistiques générales
  • Ce quiz a été pris 28 fois
  • Le résultat moyen est 173 sur 203
Statistiques - réponses
Verbe Nom à deviner % Correct
Accumuler accumulation
100%
Acheter achat
100%
Admirer admiration
100%
Adorer adoration
100%
Améliorer amélioration
100%
Angoisser angoisse
100%
Animer animation
100%
Annuler annulation
100%
Apporter apport
100%
Arnaquer arnaque
100%
Augmenter augmentation
100%
Autoriser autorisation
100%
Finir fin
100%
Former formation
100%
Harceler harcèlement
100%
Inclure inclusion
100%
Interdire interdiction
100%
Interroger interrogation
100%
Introduire introduction
100%
Rénover rénovation
100%
Réputer réputation
100%
Réserver réservation
100%
Respecter respect
100%
Réussir réussite
100%
S'amuser amusement
96%
Blesser blessure
96%
Fermer fermeture
96%
Garantir garantie
96%
Gaspiller gaspillage
96%
Gouverner gouvernement
96%
Héberger hébergement
96%
Humilier humiliation
96%
Investiguer investigation
96%
Résoudre résolution
96%
Arranger arrangement
92%
Choisir choix
92%
Chômer chômage
92%
Se comporter comportement
92%
Se détendre détente
92%
Se disputer dispute
92%
Jardiner jardinage
92%
Jouer jeu
92%
Licencier licenciement
92%
Renforcer renforcement
92%
Réunir réunion
92%
Apprendre apprentissage
88%
Commencer commencement
88%
Commenter commentaire
88%
Conclure conclusion
88%
Confesser confession
88%
Consommer consommation
88%
Contester contestation
88%
Craindre crainte
88%
Débattre débat
88%
Débuter début
88%
Déclarer déclaration
88%
Découvrir découverte
88%
Définir définition
88%
Se divertir divertissement
88%
Gagner gain
88%
Juger jugement
88%
Louer location
88%
Manifester manifestation
88%
Manquer manque
88%
Mentir mensonge
88%
Mépriser mépris
88%
Mourir mort
88%
Naître naissance
88%
Naviguer navigation
88%
Négocier négociation
88%
Oublier oubli
88%
Paniquer panique
88%
Partager partage
88%
Ressembler ressemblance
88%
Bloquer blocage
85%
Bricoler bricolage
85%
Communiquer communication
85%
Composer composition
85%
Comprendre compréhension
85%
Connaître connaissance
85%
Décider décision
85%
Déplacer déplacement
85%
Déprimer dépression
85%
Descendre descente
85%
Désirer désir
85%
Dessiner dessin
85%
Développer développement
85%
Diminuer diminution
85%
Discuter discussion
85%
Disparaître disparition
85%
Disposer disposition
85%
Divorcer divorce
85%
Échanger échange
85%
Éduquer éducation
85%
Embaucher embauche
85%
Encourager encouragement
85%
S'engager engagement
85%
Enseigner enseignement
85%
S'entraider entraide
85%
Entretenir entretien
85%
Envoyer envoi
85%
S'étonner étonnement
85%
S'évanouir évanouissement
85%
Exclure exclusion
85%
Fatiguer fatigue
85%
S'isoler isolement
85%
Lire lecture
85%
Se marier mariage
85%
Se moquer moquerie
85%
Nettoyer nettoyage
85%
Patienter patience
85%
Peindre peinture
85%
Pervertir perversion
85%
Se plaindre plainte
85%
Posséder possession
85%
Pratiquer pratique
85%
Prescrire prescription
85%
Protester protestation
85%
Provoquer provocation
85%
Publier publication
85%
Ranger rangement
85%
Rassembler rassemblement
85%
Rechercher recherche
85%
Recycler recyclage
85%
Regarder regard
85%
Regretter regret
85%
Rembourser remboursement
85%
Remplacer remplacement
85%
Rencontrer rencontre
85%
Se reposer repos
85%
Se révolter révolte
85%
Savoir savoir
85%
Séparer séparation
85%
Sortir sortie
85%
Souffrir souffrance
85%
Souhaiter souhait
85%
Soulever soulèvement
85%
Stresser stress
85%
Surveiller surveillance
85%
Survivre survie
85%
Transformer transformation
85%
Travailler travail
85%
Usurper usurpation
85%
Se venger vengeance
85%
Vendre vente
85%
Vivre vie
85%
Violer viol
85%
Voler vol
85%
Etre célibataire célibat
81%
Croître croissance
81%
Devoir devoir
81%
Échouer échec
81%
Empêcher empêchement
81%
S'entendre entente
81%
Entourer entourage
81%
Étudier étude
81%
se fiancer fiançaille
81%
S'indigner indignation
81%
S'inquiéter inquiétude
81%
Maintenir maintien
81%
Obéir obéissance
81%
Ouvrir ouverture
81%
Penser pensée
81%
Perdre perte
81%
Pirater piratage
81%
Réchauffer réchauffement
81%
Refroidir refroidissement
81%
Signer signature
81%
Soigner soin
81%
Se suicider suicide
81%
Surprendre surprise
81%
Violenter violence
81%
Cliquer clic
77%
Écrire écriture
77%
S'émouvoir émotion
77%
S'habituer habitude
77%
Se nourrir nourriture
77%
Payer paiement
77%
Permettre permission
77%
Pouvoir pouvoir
77%
Questionner questionnement
77%
Réfléchir réflexion
77%
Remettre remise
77%
Tromper tromperie
77%
Virer virement
77%
Visionner visionnage
77%
Voir vue
77%
Entrer entrée
73%
Entreprendre entreprise
73%
Etre jeune jeunesse
73%
Mettre mise
73%
Sympathiser sympathie
73%
Prendre prise
69%
Se battre bataille
65%
Se sédentariser sédentarisation
65%
Tourner tournage
65%
Sentir sentiment
62%
Se réjouir réjouissement
58%
Suivre suivi
58%
Vieillir vieillesse
58%
Monter montée
54%
S'attendrir tendresse
42%
S'attrister tristesse
42%
Aucun quiz correspondant
Distribution des résultats
% des personnes avec chaque résultat
Percentile par nombre de réponses
Votre historique - résultats
Vous n’avez pas pris ce quiz